00729nam a22002057a 450000500170000001000150001702000270003203500130005903700130007208200110008524500980009626000430019427000590023730000250029670000180032170000160033994200250035599900170038095201260039720150908125330.0 aENG-113449 c1100.00a9789350351666 aEN-96981 bDBAD/PUB a341.48 aHuman rights in 21st century :cedited by Gurdip Singh [and] V.K.Ahujabchanging dimensions / aDelhi bUniversal Law Publishingc2012 aA-58, G.T. Karnal Road Industrial Area,bDelhie110033 axiii,949p.c25cm(Hb) aGurdip Singh  aAhuja, V.K. 2ddccENmHUMh341.48 c94860d94860 001040718NFICaDBADbDBADd2015-07-13eDBAD/PUBg1100.00l0o341.48 HUMpEN-96981r2015-07-13 00:00:00t1v1100.00yEN